000 00706nam a2200229Ia 4500
001 15705
003 GE_BSU
008 181216s||||||||xx |||||||||||||| ||und||
040 _cGE_BSU
080 _a82-93
100 _aწერეთელი, გიორგი
245 _aაბჯარა და ხანჯალა
245 _bლექსები
245 _cრედ.ნ.შამანაძე.მხ.სპ.ცინცაძე
260 _aთბილისი
260 _bნაკადული
260 _c1987
300 _a287 გვ. ; 20 სმ.
653 _aაბჯარა და ხანჯალა
653 _aლექსები
942 _cBK
999 _c48803
_d48803